01114nam a2200301 i 4500001001000000003000900010005001700019007000300036008004100039040003000080041000800110082002700118245002900145264007500174300006100249336002700310337003300337338002800370590002600398650005400424650005500478650001800533710005400551910003700605942001400642952013900656999001700795000038226DO-SdBNP20260316141022.0ta130404s2006 dr 000 0 spa d aDO-SdBNPbspacBNPHUerda aspa 4a331.12bM553t 200522200aMercado de trabajo 2005. aSanto Domingo :bBanco Central de la República Dominicana,c[2006?]. a129, [39] páginas :bilustraciones, graficos ;c21 cm. atextobtxt2rdacontent asin mediaciónbn2rdamedia avolumenbnc2rdacarrier aInventariado, 2018/VM 4aMercado de trabajozRepública Dominicana919058 4aMercado de trabajozRepública Dominicana 919058 4aEmpleo9645982 aBanco Central de la República Dominicana983405 aValidado. Control de calidad MFF 2ddccLBS1 00102ddc51708PDaBNPHUbBNPHUcHDd2013-04-04l0oBNPHU PD 331.12 M553t 2005p38226-10r2020-06-25w2020-06-25yLBS1ZNo se presta c37716d37716